[Event "Osijek op 12th"]
[Site "Osijek"]
[Date "2019.02.21"]
[Round "1.37"]
[White "Franc, Borna"]
[Black "Zivkovic, Mihael"]
[Result "1-0"]
[WhiteElo "1851"]
[BlackElo "1195"]
[PlyCount "30"]
[EventDate "2019.02.21"]
[EventType "swiss"]
[EventRounds "7"]
[EventCountry "CRO"]
[SourceTitle "EXT 2023"]
[Source "ChessBase"]
[SourceDate "2022.10.05"]
[SourceVersion "1"]
[SourceVersionDate "2022.10.05"]
[SourceQuality "1"]

1. e4 e5 2. Nf3 Nc6 3. Bc4 Bc5 4. d3 Nf6 5. Bg5 d6 6. Nc3 h6 7. Bh4 g5 8. Bg3 Bg4 9. h3 Bh5 10. Bb5 Qd7 11. Nd5 Nh7 12. Qd2 0-0-0 13. 0-0-0 a6 14. Bxc6 bxc6 15. Qa5 Kb7 1-0